000 00533nam a2200229Ia 4500
005 20260320201544.0
008 008 262003s9999 xx 000 0 eng d
037 _aEBOOK
040 _aCRL
040 _beng
040 _cCRL
041 _2eng
041 _aeng
084 _qCRL
100 _aGlimmerveen
_91135365
245 0 _aHands-On Race Car Engineer
260 _bIEEE
856 _uhttps://ieeexplore.ieee.org/servlet/opac?bknumber=8503996
942 _cEBOOK
999 _c1721996
_d1721996